LEADER 03077nam 22005891 450 001 9910459417603321 005 20100224155238.0 010 $a1-4725-4913-9 010 $a1-282-87550-7 010 $a9786612875502 010 $a1-4411-6667-X 024 7 $a10.5040/9781472549136 035 $a(CKB)2670000000054851 035 $a(EBL)601896 035 $a(OCoLC)676697603 035 $a(SSID)ssj0000423698 035 $a(PQKBManifestationID)11306900 035 $a(PQKBTitleCode)TC0000423698 035 $a(PQKBWorkID)10468255 035 $a(PQKB)11752558 035 $a(MiAaPQ)EBC601896 035 $a(UtOrBLW)bpp09255406 035 $a(EXLCZ)992670000000054851 100 $a20140929d2009 uy 0 101 0 $aeng 135 $aurcnu|||||||| 181 $ctxt$2rdacontent 182 $cc$2rdamedia 183 $acr$2rdacarrier 200 10$aMysticism $ea guide for the perplexed /$fPaul Oliver 210 1$aLondon ;$aNew York :$cContinuum,$d2009. 215 $a1 online resource (vii, 170 pages) 225 0$aGuides for the perplexed 300 $aDescription based upon print version of record. 311 $a0-8264-4616-7 311 $a0-8264-2120-2 320 $aIncludes bibliographical references (pages164-167) and index. 327 $aIntroduction -- Part I : What is Mysticism? 1. The Concept of Mysticism ; 2. Approaches Used by Mystics ; 3. Life Styles of Mystics -- Part II : The Traditions of Mysticism. 4. Buddhist Mysticism ; 5. Sufism ; 6. The Nature Mysticism of Taoism and Shinto ; 7. Christian Mysticism ; 8. Kabbalah ; 9. Hindu Mysticism ; 10. Sikh and Jain Mysticism -- Part III: The Purpose of Mysticism. 11. The Mystical Goal ; 12. Mystical and Orthodox Traditions ; Glossary -- Bibliography -- Index. 330 $a"Mysticism is one of the most enduring and fascinating aspects of religious life, and one of the most difficult to unpick. It has, over the centuries, inspired many of the leading figures in different faiths to seek a sense of union with God or with the spiritual forces in the universe, and is increasingly part of the spiritual mainstream. Designed for students grappling with this complicated area, this book enables readers to understand the nature of mysticism, and to examine in detail the traditional methods used by mystics in seeking an intimate understanding of the spiritual world. Including a detailed survey of mystical trends within all the main world religions, and case studies of the lives of important mystics, Mysticism: A Guide for the Perplexed also examines the nature of the mystical lifestyle, and the extent to which ordinary people can develop a sense of personal mysticism."--Bloomsbury Publishing. 410 0$aGuides for the perplexed. 606 $aMysticism 606 $2Mysticism 608 $aElectronic books. 615 0$aMysticism. 676 $a204/.22 700 $aOliver$b Paul$037050 801 0$bUtOrBLW 801 1$bUtOrBLW 906 $aBOOK 912 $a9910459417603321 996 $aMysticism$92048222 997 $aUNINA LEADER 01023nam a22002411i 4500 001 991002194489707536 005 20040216082516.0 008 040407s1959 it |||||||||||||||||ita 035 $ab12885277-39ule_inst 035 $aARCHE-086489$9ExL 040 $aDip.to Studi Storici$bita$cA.t.i. Arché s.c.r.l. Pandora Sicilia s.r.l. 082 04$a614.58 100 1 $aGiardina, Camillo$0486182 245 10$aCompiti fondamentali del Ministero della sanità :$bdiscorso pronunciato al Senato della Repubblica nella seduta del 15 maggio 1959 /$cCamillo Giardina 260 $aRoma :$bTipografia del Senato,$c1959 300 $a48 p. ;$c21 cm 650 4$aMinistero della sanità 907 $a.b12885277$b02-04-14$c16-04-04 912 $a991002194489707536 945 $aLE009 Fondo Chiatante 59/6$g1$i2023000061961$lle009$o-$pE0.00$q-$rn$so $t0$u0$v0$w0$x0$y.i13448304$z16-04-04 996 $aCompiti fondamentali del Ministero della sanità$9301184 997 $aUNISALENTO 998 $ale009$b16-04-04$cm$da $e-$fita$git $h0$i1